000 00966nam a2200289Ia 4500
001 Para_8741
003 CHAP
008 220125s2002 xx 000 0 und d
010 _a207541
040 _cCHAP
082 _aPA 635.952 F8
100 _aFucikovsky, Leopold
_9165624
245 _aDiseases of some tropical and subtropical plants caused by bacteia, phytoplasmas ans spiroplasmas /
_c by Leopold Fucikovsky
260 _aLas Agujas, Zapopan, Jalisco :
_b Universidad de Guadalajara
300 _a175 p.
650 _aPlantas tropicales
_x enfermedades
_989091
650 _aPlantas tropicales
_x enfermedades por bacterias
_9174122
650 _aPlantas tropicales
_x enfermedades por hongos
_9174123
710 _aUniversidad de Guadalajara
_9116417
901 _aPA 635.952 F8
902 _aA
905 _a0000002002 a 0000000000 00
910 _a2002
942 _cPARA
942 _cPARA
_d1
999 _c207541
_d207541